La tradición y la prescripción como modos de adquirir el dominio en el código civil chileno
שמור ב:
| מחבר ראשי: | |
|---|---|
| פורמט: | ספר |
| שפה: | ספרדית |
| יצא לאור: |
Santiago
Ediciones Universidad Católica de Chile
2009
|
| סדרה: | Textos Universitarios
|
| נושאים: | |
| תגים: |
הוספת תג
אין תגיות, היה/י הראשונ/ה לתייג את הרשומה!
|
MARC
| LEADER | 00000cam a2200000 a 4500 | ||
|---|---|---|---|
| 001 | UCH5629 | ||
| 003 | CL-VaPUC | ||
| 008 | 091015e20090000CL |||||||||||||||||spa|d | ||
| 020 | |a 9789561410664 | ||
| 082 | 0 | 4 | |a 346.8304 |b VIA |2 21 |
| 100 | 0 | |a Vial del Río, Víctor Manuel |e author |9 541918 | |
| 245 | 1 | 3 | |a La tradición y la prescripción como modos de adquirir el dominio en el código civil chileno |
| 300 | |a 219 p | ||
| 942 | |c BK | ||
| 945 | |d 20091015 00:00:00 |a rbrito | ||
| 260 | |a Santiago |b Ediciones Universidad Católica de Chile |c 2009 | ||
| 650 | 0 | |a Bienes |9 255749 | |
| 650 | 0 | |a Propiedad |9 255268 | |
| 650 | 0 | |a Código civil |9 256135 | |
| 650 | 7 | |a PRESCRIPCION ADQUIRIDA |2 CL-VaPUC |9 359523 | |
| 650 | 0 | |a Posesión |9 258681 | |
| 583 | |a last modification |c 20140429 01:42:03 |k Rodrigo Vera | ||
| 490 | 0 | |a Textos Universitarios | |
| 999 | |c 336734 |d 336732 | ||
| 952 | |0 0 |1 0 |4 0 |6 346_830400000000000_VIA_2009 |7 0 |8 A |9 428647 |a BIBDER |b BIBDER |d 2019-11-22 |i 4609255 |o 346.8304 VIA 2009 |p 4609255 |r 2023-01-25 |w 2019-11-22 |y BK |k DER | ||
| 952 | |0 0 |1 0 |3 erb |4 0 |6 346_830400000000000_VIA_2009 |7 0 |8 A |9 428648 |a BIBDER |b BIBDER |i 5073650 |l 2 |o 346.8304 VIA 2009 |p 5073650 |r 2024-03-26 |s 2024-03-26 |w 2019-11-22 |y BK |z Catalogado en:20140502 |k DER | ||